Ecological Requirements for Product Quality and Their Importance in the Knowledge Society

Miera využitia rôznych druhov firemných certifikátov pri exportných aktivitách spoločností. Prieskum realizovaný na vzorke 135 spoločností. Teoretické aspekty certifikácie. Kvalita výrobkov.

Enregistré dans:
Détails bibliographiques
Auteur principal: Gubová, Klaudia, 1986-
Format: Chapitre de livre
Langue:slovaque
Sujets:
Tags: Ajouter un tag
Pas de tags, Soyez le premier à ajouter un tag!

MARC

LEADER 00000naa$a2200000$$$4500
001 0270106
005 20240521100446.7
041 0 |a slo 
044 |a PL 
245 1 0 |a Ecological Requirements for Product Quality and Their Importance in the Knowledge Society  |c Klaudia Gubová 
520 |a Miera využitia rôznych druhov firemných certifikátov pri exportných aktivitách spoločností. Prieskum realizovaný na vzorke 135 spoločností. Teoretické aspekty certifikácie. Kvalita výrobkov. 
610 2 0 |a certifikácia 
610 2 0 |a ekológia 
610 2 0 |a kvalita výrobkov 
610 2 0 |a ekonomika znalostná 
100 1 |a Gubová, Klaudia, 1986-